000 00781nas a2200241 4500
001 BR0801714
003 BR-BrBNA
005 20231205111736.0
007 ta
008 230509b bl.|||p| |||| 00| 00por d
040 _aBR-BrBNA
_bpor
_cBiblioteca Nacional de Agricultura
041 _a(Pt)
072 _aL70
100 1 _aCollicchio-Zuanaze, R. de C.
100 1 _aSakate, M.
245 1 _aAspectos clínicos e terapêuticos da intoxicação por fluoroacetato de sódio em animais domésticos
_bRevisão
650 _aANIMAL DOMÉSTICO
650 _aINTOXICAÇÃO ANIMAL
650 _aVETERINÁRIA
773 0 _tVeterinária Notícias (Brazil)
_xISSN 0104-3463
_g(2005), v. 11(2) p. 81-89
_wBR0801714
909 _a202311
_bLúcia
_c55
_dLúcia Elande
942 _2AGRIS
_n0
_cANA
999 _c194264
_d194264